000 00612nam a2200205 i 4500
001 106822
003 ES-MaACL
005 20230906184259.0
007 t|
008 070103s1984 fr ||||1| fre d
020 _a2-86563-085-4
080 _a811.14'06'16
100 1 _aTonnet, Henri.
_9110578
245 1 0 _aManuel d'accentuation grecque moderne (démotique) /
_cHenri Tonnet.
260 _aParis :
_bKlincksieck,
_c1984.
300 _a111 p. ;
_c21 cm.
500 _aBiblioteca Jacinto Martínez Lacalle.
650 1 4 _aLengua griega moderna-
_xAcento.
_914255
852 _aES-MaACL
_jE-11455
_bR.139548
999 _c106822
_d106822